ბათუმის შოთა რუსთაველის სახელმწიფო უნივერსიტეტის ბიბლიოთეკა

მეფუტკრეობა : (ბიბ.ჩანაწერი № 36399)

000 -ლიდერი
ფიქსირებული სიგრძის საკონტროლო ველი 01095nam a2200253Ia 4500
001 - საკონტროლო ნომერი
საკონტროლო ველი 2313
003 - საკონტროლო ნომრის იდენტიფიკატორი
საკონტროლო ველი GE_BSU
005 - ბოლო ოპერაციის თარიღი და დრო
საკონტროლო ველი 20190529194804.0
008 - ფიქსირებული სიგრძის მონაცემთა ელემენტები - ზოგადი ინფორმაცია
ფიქსირებული სიგრძის საკონტროლო ველი 181216s2009||||ge |||||||||||||| ||geo||
020 ## - წიგნის საერთაშორისო სტანდარტული ნომერი
International Standard Book Number 9789941409226
040 ## - კატალოგიზაციის წყარო
Transcribing agency GE_BSU
041 ## - ენის კოდი
Language code of text/sound track or separate title geo
080 ## - უნივერსალური ათობითი კლასიფიკაციის ინდექსი
Universal Decimal Classification number 638.1(035) ჭ-28
100 ## - მთავარი ჩანაწერი - პიროვნების სახელი
Personal name ჭაღალიძე, ა.
9 (RLIN) 1812
245 ## - ცნობა სათაურის შესახებ
Remainder of title სახელმძღვ. ცნობარი ფერმერთათვის /
Title მეფუტკრეობა :
Statement of responsibility, etc ავტ.: ა. ჭაღალიძე, ზ. მახარაძე ; რედ. ი. ძირკვაძე
264 ## - წარმოების, გამოცემის, დისტრიბუციის და სხვა ცნობები
გამოცემის, წარმოების, დისტრიბუციის... ადგილი ბათუმი :
გამოცემის, წარმოების, დისტრიბუციის... სახელწოდება შოთა რუსთაველის სახელმწ. უნ-ტის გამ-ბა,
გამოცემის, წარმოების, დისტრიბუციის... თარიღი 2009.
300 ## - ფიზიკური აღწერა
Extent 34 გვ.:
Other physical details ცხრ. ;
Dimensions 20 სმ.
653 ## - INDEX TERM--UNCONTROLLED
Uncontrolled term მეფუტკრეობა
653 ## - INDEX TERM--UNCONTROLLED
Uncontrolled term ცნობარები
700 ## - ADDED ENTRY--PERSONAL NAME
Personal name მახარაძე, ზ.
Relator term ავტორი
9 (RLIN) 1800
700 ## - ADDED ENTRY--PERSONAL NAME
Personal name ძირკვაძე, ი.
Relator term რედაქტორი
9 (RLIN) 1806
942 ## - ADDED ENTRY ELEMENTS (KOHA)
Koha item type წიგნი
Source of classification or shelving scheme
ეგზემპლარები
ჩამოწერის სტატუსი დაკარგული ეგზემპლარის სტატუსი კლასიფიკაციის წყარო ან თაროზე გაწყობის სქემა დაზიანების სტატუსი არ გაიცემა მუდმივი მდებარეობა (დაცვის ადგილი) ამჟამინდელი ადგილსამყოფელი თაროზე განთავსების ადგილი შეძენის თარიღი ღირებულება, შესყიდვის ნორმალური ფასი სრული შენახვის შიფრი შტრიხკოდი ბოლო ოპერაციის თარიღი ეგზემპლარის მიმდევრობითი ნომერი (კეტერი?) ფასის ძალაში შესვლის თარიღი ეგზემპლარის სახეობა საჯარო შენიშვნა Uniform Resource Identifier
          აგრარული და მემბრანული ტექნოლოგიების ინსტიტუტის ბიბლიოთეკა აგრარული და მემბრანული ტექნოლოგიების ინსტიტუტის ბიბლიოთეკა წიგნსაცავი 2025-04-22 2.00 638.1(035) ჭ-28 71194 2025-04-22 71194 2025-04-22 წიგნი 2.00 ნაჩუქარი
          ბათუმის შოთა რუსთაველის სახელმწიფო უნივერსიტეტის მთავარი ბიბლიოთეკა ბათუმის შოთა რუსთაველის სახელმწიფო უნივერსიტეტის მთავარი ბიბლიოთეკა წიგნსაცავი 2018-12-17 2.00 638.1(035) ჭ-28 4449 2018-12-17 4449 2018-12-17 წიგნი 2 ლ.